00523nam a22001577a 4500020001800000040000900018082001800027100002500045245004300070250001700113260004500130650005100175942001200226999001900238952010800257 a9780130124685 cNust a621.3815bMAN aM. Morris Mano92910 aLogic and Computer Design Fundamentals a2nd edition  aNew Jersey:bPearson College Div,c2000. aLogic and Computer Design Fundamentals9112196 2ddccBK c612668d612668 00102ddc4070aCEMEbCEMEcGENd2025-01-15l0o621.3815 MANpCEME- 36831r2025-01-15w2025-01-15yBK